[Event "Women's Speed Chess Q6"]
[Site "chess.com INT"]
[Date "2021.06.05"]
[Round "5"]
[White "Nguyen, Hong Anh"]
[Black "Novikova, Anna"]
[Result "1-0"]
[WhiteTitle "WIM"]
[BlackTitle "WIM"]
[WhiteElo "1993"]
[BlackElo "2247"]
[WhiteFideId "12406732"]
[BlackFideId "4146794"]
[EventDate "2021.06.05"]

1. d4 Nf6 2. c4 g6 3. Nf3 Bg7 4. g3 O-O 5. Bg2 d5 6. Kd2 c5 7. Ke1 dxc4 8. dxc5
Qa5+ 9. Nc3 Qxc5 10. Be3 Qb4 11. Qc1 Ne4 12. Nd4 Nxc3 13. bxc3 Qa5 14. h4 e5 15.
Nf3 h5 16. Kf1 Nc6 17. Kg1 Bg4 18. Kh2 Rad8 19. Re1 Rfe8 20. Nd2 Qa6 21. Ne4 b6
22. Bg5 Na5 23. Bxd8 Rxd8 24. Qg5 Qc8 25. Red1 Nc6 26. Nf6+ Bxf6 27. Qxf6 Be6
28. Bxc6 Rxd1 29. Rxd1 1-0

[Event "Women's Speed Chess Q6"]
[Site "chess.com INT"]
[Date "2021.06.05"]
[Round "5"]
[White "Dordzhieva, Dinara"]
[Black "Tania, Sachdev"]
[Result "1-0"]
[WhiteTitle "WGM"]
[BlackTitle "IM"]
[WhiteElo "2311"]
[BlackElo "2392"]
[WhiteFideId "24157570"]
[BlackFideId "5007844"]
[EventDate "2021.06.05"]

1. d4 Nf6 2. c4 e6 3. Nf3 b6 4. g3 Bb7 5. Bg2 Be7 6. O-O O-O 7. Re1 Na6 8. a3 c6
9. Nc3 d5 10. cxd5 cxd5 11. Bf4 Bd6 12. Bxd6 Qxd6 13. Rc1 Nc7 14. Qb3 Ne4 15.
Ne5 f6 16. Nd3 Nd2 17. Qc2 Nc4 18. a4 e5 19. dxe5 fxe5 20. Nxd5 Bxd5 21. Bxd5+
Nxd5 22. Qxc4 Kh8 23. Qe4 Rae8 24. Red1 Nf6 25. Qh4 Qd4 26. Nf4 Qxb2 27. Ng6+
Kg8 28. Nxf8 Rxf8 29. Qc4+ Kh8 30. Qb5 Qa3 31. Rc7 a6 32. Qxb6 Qxa4 33. Rdc1 Qg4
34. Qxa6 h5 35. Rc8 1-0

[Event "Women's Speed Chess Q6"]
[Site "chess.com INT"]
[Date "2021.06.05"]
[Round "5"]
[White "Zhuravleva, Olga"]
[Black "Frayna, Janelle Mae"]
[Result "1-0"]
[WhiteTitle "WIM"]
[BlackTitle "WGM"]
[WhiteElo "2278"]
[BlackElo "2179"]
[WhiteFideId "4145933"]
[BlackFideId "5212499"]
[EventDate "2021.06.05"]

1. e4 Nf6 2. e5 Nd5 3. c4 Nb6 4. c5 Nd5 5. Bc4 e6 6. d4 d6 7. cxd6 cxd6 8. Nf3
Nc6 9. O-O Be7 10. Nbd2 O-O 11. Ne4 dxe5 12. dxe5 Nb6 13. Bd3 Nb4 14. Bb1 Bd7
15. a3 N4d5 16. Bg5 Bb5 17. Re1 Nc4 18. Qc2 g6 19. h4 Rc8 20. Qb3 Ba6 21. h5
Bxg5 22. Nexg5 Nd2 23. Qa4 Nxb1 24. Raxb1 Bd3 25. Rbd1 Bc2 26. Qh4 h6 27. hxg6
hxg5 28. Qh7# 1-0

[Event "Women's Speed Chess Q6"]
[Site "chess.com INT"]
[Date "2021.06.05"]
[Round "5"]
[White "Matveeva, Olga"]
[Black "Kubicka, Anna"]
[Result "0-1"]
[WhiteTitle "WIM"]
[BlackTitle "WIM"]
[WhiteElo "2145"]
[BlackElo "2210"]
[WhiteFideId "24107018"]
[BlackFideId "1152254"]
[EventDate "2021.06.05"]

1. d4 Nf6 2. c4 c5 3. d5 e6 4. Nc3 exd5 5. cxd5 d6 6. e4 g6 7. h3 Bg7 8. Nf3 O-O
9. Bd3 Re8 10. O-O a6 11. a4 Nbd7 12. Bf4 Qe7 13. Re1 Nh5 14. Bh2 Ne5 15. Be2
Nxf3+ 16. Bxf3 Nf6 17. e5 dxe5 18. Rxe5 Qd8 19. d6 Rxe5 20. Bxe5 Bf5 21. Bxb7
Rb8 22. Bxa6 Rxb2 23. Bc4 Nd7 24. Bxg7 Kxg7 25. a5 Qh4 26. Qf1 Ne5 27. Bd5 Qd4
28. a6 Bd3 29. Qe1 Bxa6 30. Rxa6 Nd3 31. Qe3 Qxc3 32. d7 Rb8 33. Bxf7 Kxf7 34.
Qe6+ Kg7 35. d8=Q Qc1+ 36. Kh2 Qf4+ 37. g3 Qxf2+ 38. Kh1 Rb1+ 0-1

[Event "Women's Speed Chess Q6"]
[Site "chess.com INT"]
[Date "2021.06.05"]
[Round "5"]
[White "Perez Rodriguez, Jennifer"]
[Black "Kulkarni, Bhakti"]
[Result "1-0"]
[WhiteTitle "WIM"]
[BlackTitle "IM"]
[WhiteElo "2251"]
[BlackElo "2391"]
[WhiteFideId "3507831"]
[BlackFideId "5019516"]
[EventDate "2021.06.05"]

1. e4 e5 2. Nf3 Nf6 3. Nxe5 Nxe4 4. Qe2 Qe7 5. d3 Qxe5 6. Qxe4 Qxe4+ 7. dxe4 Bc5
8. Nc3 O-O 9. Bf4 d6 10. Nd5 Bb6 11. Nxb6 axb6 12. Bc4 Re8 13. f3 Be6 14. Bb5
Bd7 15. Bd3 Nc6 16. O-O Nb4 17. a3 Nxd3 18. cxd3 Bb5 19. Rfd1 Ra4 20. Rac1 Re7
21. Kf2 f6 22. Rc3 Kf7 23. Rdc1 Bc6 24. Be3 Ke8 25. d4 Kd8 26. d5 Be8 27. Bxb6
Bb5 28. Rxc7 Ke8 29. Rxe7+ Kxe7 30. Rc7+ Bd7 31. Rxb7 Ra8 32. Bd4 Rc8 33. Bc3
Rc5 34. a4 Kd8 35. a5 Rb5 36. Rxb5 Bxb5 37. Ke3 Kc7 38. g3 Bc4 39. Kd4 Bf1 40.
f4 Be2 41. e5 fxe5+ 42. fxe5 dxe5+ 43. Kxe5 Kd7 44. Kd4 Kd6 45. Bb4+ Kc7 46. Kc5
Bd3 47. Bc3 g6 48. b4 g5 49. b5 g4 50. a6 Be4 51. Be5+ Kc8 52. Kc6 Bd3 53. a7 1-0

[Event "Women's Speed Chess Q6"]
[Site "chess.com INT"]
[Date "2021.06.05"]
[Round "5"]
[White "Shuvalova, Polina"]
[Black "Berend, Elvira"]
[Result "0-1"]
[WhiteTitle "IM"]
[BlackTitle "WGM"]
[WhiteElo "2489"]
[BlackElo "2326"]
[WhiteFideId "24171760"]
[BlackFideId "4000510"]
[EventDate "2021.06.05"]

1. e4 c5 2. Nf3 e6 3. g3 Nc6 4. Bg2 d6 5. O-O Nf6 6. Re1 e5 7. d3 Be7 8. Nc3 O-O
9. Bg5 h6 10. Bxf6 Bxf6 11. Nd5 Bg4 12. c3 Rb8 13. h3 Be6 14. Nd2 Bxd5 15. exd5
Ne7 16. Qe2 g6 17. h4 Bg7 18. h5 g5 19. d4 cxd4 20. cxd4 f5 21. dxe5 dxe5 22.
Nc4 e4 23. Rad1 b5 24. d6 bxc4 25. Qxc4+ Kh8 26. dxe7 Qxe7 27. b3 Rbc8 28. Qa6
Rc2 29. g4 Qc5 30. Re3 Rxf2 31. Kxf2 f4 32. Qe2 fxe3+ 33. Kg1 Rf2 34. Rd8+ Bf8
35. Qc4 Qxc4 36. bxc4 Kg7 37. Rd7+ Kf6 38. Bxe4 Rf4 39. Bd3 Bc5 40. Kg2 e2 41.
Bxe2 Rf2+ 42. Kg3 Rxe2 43. Rd5 Re5 44. Rd7 Re3+ 45. Kg2 Re4 46. Rh7 Rxg4+ 47.
Kf3 Rf4+ 48. Kg3 Rxc4 49. Rxh6+ Kf5 50. Ra6 Bb6 51. Ra3 Rg4+ 52. Kf3 Rh4 53. Kg3
Rxh5 54. Rf3+ Kg6 0-1

[Event "Women's Speed Chess Q6"]
[Site "chess.com INT"]
[Date "2021.06.05"]
[Round "5"]
[White "Kabanova, Ekaterina"]
[Black "Ribeiro, Regina"]
[Result "0-1"]
[WhiteTitle "WFM"]
[BlackTitle "WIM"]
[WhiteElo "2138"]
[BlackElo "1920"]
[WhiteFideId "24112917"]
[BlackFideId "2100681"]
[EventDate "2021.06.05"]

1. c4 Nf6 2. Nf3 g6 3. e3 Bg7 4. Be2 O-O 5. h4 c5 6. Ng5 h5 7. g4 Nxg4 8. Bxg4
hxg4 9. Qxg4 d5 10. Qe2 e5 11. cxd5 Qxd5 12. e4 Qd7 13. Nc3 Qg4 14. Nd5 Qxe2+
15. Kxe2 Nc6 16. d3 f6 17. Nf3 Bg4 18. Be3 Nd4+ 19. Bxd4 cxd4 20. Rhg1 Bh5 21.
Rg3 Rac8 22. Ne7+ Kf7 23. Nxc8 Rxc8 24. Kd2 Bh6+ 25. Kd1 Bf4 26. Ke2 Rc2+ 27.
Kd1 Rxf2 0-1

[Event "Women's Speed Chess Q6"]
[Site "chess.com INT"]
[Date "2021.06.05"]
[Round "5"]
[White "Klinova, Masha"]
[Black "Golubenko, Valentina"]
[Result "1-0"]
[WhiteTitle "IM"]
[BlackTitle "WGM"]
[WhiteElo "2275"]
[BlackElo "2209"]
[WhiteFideId "2802015"]
[BlackFideId "4501993"]
[EventDate "2021.06.05"]

1. e4 e6 2. Nf3 d5 3. Nc3 Nf6 4. e5 Nfd7 5. d4 c5 6. dxc5 Bxc5 7. Bd3 Nc6 8. Bf4
f6 9. exf6 Nxf6 10. O-O O-O 11. Ne5 Bd6 12. Nxc6 bxc6 13. Bxd6 Qxd6 14. f4 e5
15. fxe5 Qxe5 16. h3 Bd7 17. Qe1 Qd6 18. Qh4 h6 19. Rae1 Rab8 20. Nd1 Rb4 21.
Qf2 Rbb8 22. Qxa7 c5 23. b3 Ra8 24. Qb7 Rfb8 25. Qxb8+ Rxb8 26. Ne3 d4 27. Nc4
Qg3 28. Re2 Re8 29. Rf3 Qg5 30. Rxe8+ Bxe8 31. Rf5 Qc1+ 32. Rf1 Qg5 33. Rf5 Qh4
34. Rxc5 Qe1+ 35. Kh2 Nd7 36. Rc8 Qf2 37. Rxe8+ Kf7 38. Nd6+ Kf6 39. Ne4+ Kf7
40. Nxf2 Kxe8 41. Bb5 Ke7 42. Bxd7 d3 43. Nxd3 1-0

[Event "Women's Speed Chess Q6"]
[Site "chess.com INT"]
[Date "2021.06.05"]
[Round "5"]
[White "Eswaran, Aksithi"]
[Black "Kairbekova, Amina"]
[Result "0-1"]
[WhiteTitle "WCM"]
[BlackTitle "WFM"]
[WhiteElo "1745"]
[BlackElo "2132"]
[WhiteFideId "2083485"]
[BlackFideId "13712799"]
[EventDate "2021.06.05"]

1. e4 c5 2. Nf3 Nc6 3. d4 cxd4 4. Nxd4 g6 5. c4 Nf6 6. Be3 Nxe4 7. Be2 Bg7 8.
Bf3 Nf6 9. Nc3 O-O 10. O-O Ne5 11. Be2 d6 12. Qd2 Neg4 13. h3 Nxe3 14. Qxe3 a6
15. Rad1 Bd7 16. Bf3 Rb8 17. Rfe1 Re8 18. Nb3 Bc6 19. c5 d5 20. Qd3 e6 21. Nd4
Nd7 22. b4 Ne5 23. Qe2 Nxf3+ 24. Qxf3 e5 25. Nxc6 bxc6 26. a3 e4 27. Qe2 Bxc3
28. Rf1 Qc7 29. Qc2 Bg7 30. Rfe1 f5 31. Re2 d4 32. Qc4+ Kh8 33. Qxa6 Ra8 34. Qc4
Rxa3 35. f3 Rc3 36. Qa6 d3 37. Rxd3 Rxd3 0-1

[Event "Women's Speed Chess Q6"]
[Site "chess.com INT"]
[Date "2021.06.05"]
[Round "5"]
[White "Morris-Suzuki, Sophie"]
[Black "Sukandar, Irine Kharisma"]
[Result "0-1"]
[WhiteTitle "WFM"]
[BlackTitle "IM"]
[WhiteElo "2043"]
[BlackElo "2413"]
[WhiteFideId "30922615"]
[BlackFideId "7101937"]
[EventDate "2021.06.05"]

1. e4 e5 2. Nf3 d6 3. d4 exd4 4. Nxd4 Nf6 5. Nc3 Be7 6. Bc4 O-O 7. O-O Re8 8. a4
c5 9. Nf5 Bf8 10. Bg5 h6 11. Bh4 Nc6 12. Nd5 g5 13. Nxf6+ Qxf6 14. Bg3 Rxe4 15.
Ne3 Be6 16. Bd5 Rd4 17. Qf3 Qxf3 18. Bxf3 Rb4 19. b3 Ne5 20. Be2 f5 21. f4 Ng6
22. fxg5 f4 23. Bd3 fxg3 24. Bxg6 gxh2+ 25. Kxh2 hxg5 26. Rad1 Bg7 27. g3 Rd4
28. Nf5 Rxd1 29. Rxd1 Be5 30. Rf1 Rf8 31. Kg2 Rf6 32. Ne7+ Kg7 33. Bd3 Rxf1 0-1

[Event "Women's Speed Chess Q6"]
[Site "chess.com INT"]
[Date "2021.06.05"]
[Round "5"]
[White "Li, Xueyi"]
[Black "Sikorova, Olga"]
[Result "1-0"]
[WhiteTitle "WGM"]
[BlackTitle "WGM"]
[WhiteElo "2303"]
[BlackElo "2215"]
[WhiteFideId "8605912"]
[BlackFideId "307033"]
[EventDate "2021.06.05"]

1. d4 Nf6 2. Nf3 g6 3. g3 Bg7 4. Bg2 O-O 5. c4 d6 6. Nc3 Nc6 7. O-O a6 8. b3 Bf5
9. Bb2 Ne4 10. Nh4 Nxc3 11. Bxc3 Bd7 12. f4 Qc8 13. Qd3 e5 14. dxe5 dxe5 15. f5
g5 16. f6 gxh4 17. fxg7 Kxg7 18. Bxc6 Bxc6 19. Bxe5+ f6 20. Rxf6 Rxf6 21. Rf1
Qe6 22. Bxf6+ Kg8 23. Qd2 Be4 24. Qh6 Qd7 25. Bc3 hxg3 26. hxg3 Bg6 27. Qg5 Re8
28. Qf6 1-0

[Event "Women's Speed Chess Q6"]
[Site "chess.com INT"]
[Date "2021.06.05"]
[Round "5"]
[White "Vu, Bui Thi Thanh Van"]
[Black "Grigoryan, Meri"]
[Result "1/2-1/2"]
[WhiteTitle "WFM"]
[BlackTitle "WFM"]
[WhiteElo "1750"]
[BlackElo "2044"]
[WhiteFideId "12408921"]
[BlackFideId "13300571"]
[EventDate "2021.06.05"]

1. d4 d5 2. Nf3 Nf6 3. e3 c6 4. Bd3 Bg4 5. c4 Nbd7 6. Nbd2 e6 7. O-O Bd6 8. Qb3
Rb8 9. h3 Bh5 10. e4 dxe4 11. Nxe4 Nxe4 12. Bxe4 Nf6 13. Bc2 Qc7 14. Re1 O-O 15.
Ne5 Nd7 16. Bf4 f6 17. Nxd7 Qxd7 18. Bxd6 Qxd6 19. c5 Qd5 20. Qxd5 exd5 21. Re7
Rfe8 22. Rae1 Kf8 23. Rxe8+ Rxe8 24. Rxe8+ Bxe8 25. Bf5 g6 26. Bc8 b6 27. b4 Ke7
28. Kf1 f5 29. g4 fxg4 30. Bxg4 Bd7 31. Ke2 Bxg4+ 32. hxg4 bxc5 33. bxc5 Kf6 34.
Kf3 h5 35. Kf4 hxg4 36. Kxg4 g5 37. a3 a6 38. a4 a5 39. f3 Kg6 40. f4 gxf4 41.
Kxf4 Kf6 42. Kg4 Kg6 43. Kf4 Kf6 44. Kg4 Kg6 45. Kf4 1/2-1/2

[Event "Women's Speed Chess Q6"]
[Site "chess.com INT"]
[Date "2021.06.05"]
[Round "5"]
[White "Purtseladze, Maka"]
[Black "Kashlinskaya, Alina"]
[Result "0-1"]
[WhiteTitle "IM"]
[BlackTitle "IM"]
[WhiteElo "2274"]
[BlackElo "2494"]
[WhiteFideId "13602659"]
[BlackFideId "4198026"]
[EventDate "2021.06.05"]

1. d4 d5 2. Nf3 e6 3. b3 c6 4. Bb2 Bd6 5. e3 f5 6. Ne5 Nf6 7. Nd2 O-O 8. Be2 b6
9. O-O Bb7 10. c4 Nbd7 11. f4 c5 12. cxd5 exd5 13. Ndf3 Qe7 14. Rc1 Rad8 15. Bd3
Ne4 16. Qe2 Ndf6 17. Rfd1 Qe8 18. Bb5 Qh5 19. Nd2 Qh4 20. Nxe4 Nxe4 21. dxc5
bxc5 22. Bc6 Bxe5 23. Bxb7 Bxb2 24. Qxb2 d4 25. exd4 Qxf4 26. Bxe4 fxe4 27. dxc5
e3 28. Rxd8 Rxd8 29. Qe2 Rd2 30. Qc4+ Qxc4 31. bxc4 e2 32. Kf2 Rd1 33. Kxe2 Rxc1
34. Kd3 Kf7 35. c6 Ke7 0-1

[Event "Women's Speed Chess Q6"]
[Site "chess.com INT"]
[Date "2021.06.05"]
[Round "5"]
[White "Paehtz, Elisabeth"]
[Black "Arabidze, Meri"]
[Result "0-1"]
[WhiteTitle "IM"]
[BlackTitle "IM"]
[WhiteElo "2456"]
[BlackElo "2432"]
[WhiteFideId "4641833"]
[BlackFideId "13604040"]
[EventDate "2021.06.05"]

1. d4 Nf6 2. Nf3 e6 3. Bf4 d5 4. e3 Bd6 5. Nbd2 O-O 6. c3 c5 7. Bd3 Nc6 8. Bg3
b6 9. e4 Be7 10. e5 Nh5 11. a3 h6 12. Qe2 Bb7 13. O-O a5 14. Rfe1 Nxg3 15. hxg3
Qc8 16. Qe3 Ba6 17. Bxa6 Qxa6 18. g4 a4 19. Nf1 Na5 20. Rab1 Nc4 21. Qf4 f6 22.
exf6 Rxf6 23. Qc7 Qa7 24. Qc6 Bd6 25. Ne5 Bxe5 26. dxe5 Rg6 27. Ng3 Rf8 28. f3
Qf7 29. Nh5 Rg5 30. Re2 Rxe5 31. Rbe1 Rxe2 32. Rxe2 e5 33. Ng3 d4 34. Nf5 d3 35.
Re1 Nxb2 36. Nd6 d2 37. Rd1 Nxd1 38. Nxf7 Nxc3 39. Nxh6+ Kh7 40. Nf5 d1=Q+ 41.
Kh2 Ne2 42. g5 Qg1+ 43. Kh3 Qh1+ 44. Kg4 Qxg2+ 0-1

[Event "Women's Speed Chess Q6"]
[Site "chess.com INT"]
[Date "2021.06.05"]
[Round "5"]
[White "Socko, Monika"]
[Black "Eswaran, Ashritha"]
[Result "1/2-1/2"]
[WhiteTitle "GM"]
[BlackTitle "WIM"]
[WhiteElo "2393"]
[BlackElo "2244"]
[WhiteFideId "1106619"]
[BlackFideId "2080788"]
[EventDate "2021.06.05"]

1. e4 c5 2. Nf3 d6 3. Bb5+ Nd7 4. O-O a6 5. Bxd7+ Bxd7 6. d4 cxd4 7. Nxd4 Nf6 8.
Nc3 g6 9. f3 Bg7 10. Be3 O-O 11. Qd2 b5 12. Rad1 Qc7 13. Rf2 Rac8 14. Bh6 b4 15.
Nd5 Nxd5 16. Bxg7 Kxg7 17. exd5 e5 18. dxe6 fxe6 19. Qxb4 Rb8 20. Qa3 Qb6 21.
Nb3 d5 22. c3 Rbc8 23. Rd4 Bb5 24. Rdd2 Rc4 25. Nd4 Rf7 26. b3 Rxc3 27. Qb2 Rfc7
28. h3 e5 29. Ne2 Bxe2 30. Rxe2 Qd6 31. Rf1 d4 32. Rd1 d3 33. Re3 Qd4 34. Qd2
Rc1 35. Rxc1 Rxc1+ 36. Kh2 Rd1 37. Qxd1 Qxe3 38. b4 Qe2 39. Qc1 d2 40. Qc7+ Kh6
41. Qe7 d1=Q 42. Qh4+ Kg7 43. Qe7+ Kg8 44. Qe8+ Kg7 45. Qe7+ Kh6 46. Qh4+ Kg7
47. Qe7+ 1/2-1/2

[Event "Women's Speed Chess Q6"]
[Site "chess.com INT"]
[Date "2021.06.05"]
[Round "5"]
[White "Belenkaya, Dina"]
[Black "Mkrtchian, Lilit"]
[Result "1-0"]
[WhiteTitle "WGM"]
[BlackTitle "IM"]
[WhiteElo "2341"]
[BlackElo "2388"]
[WhiteFideId "24142654"]
[BlackFideId "13300601"]
[EventDate "2021.06.05"]

1. e4 e6 2. Qe2 c5 3. Nf3 Nc6 4. g3 g6 5. Bg2 Bg7 6. c3 e5 7. d3 Nge7 8. Nbd2
O-O 9. Nc4 d6 10. O-O h6 11. Nfd2 f5 12. exf5 d5 13. Ne3 gxf5 14. c4 d4 15. Nd5
Be6 16. Nxe7+ Qxe7 17. f4 Rae8 18. Bxc6 bxc6 19. fxe5 Bf7 20. Nf3 Bh5 21. Bf4
Bxf3 22. Rxf3 Bxe5 23. Re1 Bf6 24. Qxe7 Rxe7 25. Rxe7 Bxe7 26. Bxh6 Rb8 27. b3
Kh7 28. Bd2 Kg6 29. Rf2 Bf6 30. Re2 Kf7 31. Bf4 Rg8 32. Kf2 Rh8 33. h4 Rg8 34.
Kf3 Rc8 35. h5 Rd8 36. Re1 Rh8 37. Rh1 a5 38. Bd6 a4 39. Bxc5 axb3 40. axb3 Ra8
41. h6 Ra2 42. h7 Bh8 43. b4 Rd2 44. Rh6 Rxd3+ 45. Kf4 Rc3 46. Rxc6 Rxc4 47.
Rc7+ Kg6 48. b5 d3+ 49. Ke3 1-0

[Event "Women's Speed Chess Q6"]
[Site "chess.com INT"]
[Date "2021.06.05"]
[Round "5"]
[White "Starosta, Martyna"]
[Black "Dauletova, Gulmira"]
[Result "1/2-1/2"]
[WhiteTitle "WCM"]
[BlackTitle "WGM"]
[WhiteElo "1910"]
[BlackElo "2257"]
[WhiteFideId "21818754"]
[BlackFideId "13702971"]
[EventDate "2021.06.05"]

1. e4 e5 2. Nf3 Nc6 3. Bb5 a6 4. Ba4 Nf6 5. O-O Be7 6. Re1 b5 7. Bb3 d6 8. a4
Rb8 9. c3 O-O 10. h3 Na5 11. Bc2 c5 12. d4 Qc7 13. Be3 Bd7 14. dxe5 dxe5 15.
Nbd2 c4 16. axb5 Rxb5 17. Qc1 Rfb8 18. Ba4 Rxb2 19. Bxd7 Nxd7 20. Rxa5 Qxa5 21.
Nxc4 Qa2 22. Nxb2 Qxb2 23. Qd1 Rd8 24. Qa4 Qb7 25. Ra1 h6 26. Qc4 Rc8 27. Qd3
Nf6 28. Qxa6 Qxa6 29. Rxa6 Nxe4 30. Nxe5 Nxc3 31. Nf3 Nd5 32. Bd4 Bf6 33. Bxf6
Nxf6 34. g3 Ne4 35. Ra2 Rc1+ 36. Kg2 g6 37. Ne5 Rc7 38. Nd3 Rd7 39. Nf4 Kg7 40.
Rb2 h5 41. h4 Nf6 42. Nh3 Ng4 43. Ng5 Re7 44. Ra2 Rd7 45. Rb2 Re7 46. Ra2 Rd7
47. Rb2 1/2-1/2

[Event "Women's Speed Chess Q6"]
[Site "chess.com INT"]
[Date "2021.06.05"]
[Round "5"]
[White "Tarasova, Viktoriya"]
[Black "Szente Varga, Fruzsina"]
[Result "0-1"]
[WhiteTitle "WIM"]
[BlackTitle "WFM"]
[WhiteElo "2226"]
[BlackElo "2100"]
[WhiteFideId "4175840"]
[BlackFideId "712264"]
[EventDate "2021.06.05"]

1. d4 Nf6 2. c4 g6 3. Nc3 Bg7 4. e4 d6 5. h3 O-O 6. Be3 e5 7. d5 Ne8 8. g4 f5 9.
exf5 gxf5 10. gxf5 Bxf5 11. Bd3 e4 12. Bc2 Nf6 13. Nge2 Nbd7 14. Nd4 Bg6 15. Ne6
Qe7 16. Nxf8 Rxf8 17. Qd2 Ne5 18. O-O-O Nxc4 19. Qe2 Nxe3 20. fxe3 a6 21. Qd2 b5
22. Rdf1 b4 23. Ne2 a5 24. Nd4 Nh5 25. Ne6 Rxf1+ 26. Rxf1 Bh6 27. Kb1 Ng3 28.
Re1 Qh4 29. Nxc7 Qxh3 30. Ne6 Qg4 31. Qf2 Nf5 32. Nf4 Bxf4 33. exf4 e3 34. Qh2
Nd4 35. f5 Bxf5 36. Rg1 Bxc2+ 37. Ka1 Qxg1+ 38. Qxg1+ Bg6 39. b3 e2 40. Kb2 Nc2
41. Qg5 e1=Q 42. Qd8+ Kg7 43. Qc7+ Kh6 44. Qxd6 Qc3+ 45. Kc1 Nd4+ 46. Kd1 Qd3+
47. Ke1 Qe2# 0-1

[Event "Women's Speed Chess Q6"]
[Site "chess.com INT"]
[Date "2021.06.05"]
[Round "5"]
[White "Nurmanova, Alua"]
[Black "Babiy, Olga"]
[Result "0-1"]
[WhiteTitle "WFM"]
[BlackTitle "WGM"]
[WhiteElo "2093"]
[BlackElo "2280"]
[WhiteFideId "13729390"]
[BlackFideId "14117258"]
[EventDate "2021.06.05"]

1. e4 c6 2. d4 d5 3. e5 Bf5 4. h4 h5 5. Bd3 Bxd3 6. Qxd3 e6 7. Bg5 Be7 8. Nf3
Nh6 9. Nbd2 Nf5 10. g3 Nd7 11. c4 dxc4 12. Nxc4 f6 13. Bf4 Nb6 14. Ne3 Bb4+ 15.
Kf1 Nxe3+ 16. fxe3 Qd5 17. Qg6+ Kd7 18. Kf2 f5 19. a3 Be7 20. Rac1 Qb3 21. Rcd1
Nc4 22. Bg5 Qxb2+ 23. Kg1 Rae8 24. Qxg7 Qe2 25. Rf1 Rhg8 26. Qh6 Nb6 27. Bxe7
Rxe7 28. Rh3 Reg7 29. Qf4 Rg4 30. Rf2 Qd1+ 31. Rf1 Rxf4 32. Rxd1 Rxf3 33. Kg2
Rxe3 34. Rb1 f4 35. a4 Kc7 36. a5 Nd5 37. Kf2 Rexg3 38. Rh2 R3g4 39. Kf3 Rg3+
40. Kf2 Nc3 41. Rb3 Ne4+ 42. Ke2 Rxb3 0-1

[Event "Women's Speed Chess Q6"]
[Site "chess.com INT"]
[Date "2021.06.05"]
[Round "5"]
[White "Varshini, V"]
[Black "Komiagina, Maria"]
[Result "1-0"]
[WhiteTitle "WGM"]
[BlackTitle "WIM"]
[WhiteElo "2226"]
[BlackElo "2241"]
[WhiteFideId "5091241"]
[BlackFideId "4153987"]
[EventDate "2021.06.05"]

1. e4 c5 2. Nc3 Nc6 3. Nge2 d6 4. g3 Nf6 5. Bg2 Nd4 6. h3 e6 7. d3 Be7 8. O-O
O-O 9. f4 Rb8 10. g4 Nd7 11. Ng3 Bh4 12. Nce2 Nxe2+ 13. Nxe2 h6 14. f5 Ne5 15.
Nf4 Bd7 16. c3 Qe7 17. Nh5 exf5 18. exf5 Bf6 19. Bf4 Bc6 20. Qd2 Bxg2 21. Kxg2
Bg5 22. f6 Bxf6 23. Bxh6 Ng6 24. Nxf6+ gxf6 25. Bxf8 Rxf8 26. Rae1 Qd7 27. Qf2
Qc6+ 28. Kh2 Qd5 29. h4 Qxd3 30. h5 Ne5 31. Qg3 Qc4 32. Rxf6 Re8 33. Rg1 Re7 34.
Rf2 Nd3 35. Rfg2 Nf4 36. Rf2 Nd3 37. Rf5 Re2+ 38. Rg2 Re1 39. Rd2 Ne5 40. Qxe1
Nxg4+ 41. Kh3 1-0

[Event "Women's Speed Chess Q6"]
[Site "chess.com INT"]
[Date "2021.06.05"]
[Round "5"]
[White "Selkirk, Rebecca"]
[Black "Zakirova, Aisha"]
[Result "0-1"]
[WhiteTitle "WCM"]
[BlackTitle "WCM"]
[WhiteElo "1799"]
[BlackElo "1585"]
[WhiteFideId "14306514"]
[BlackFideId "13719734"]
[EventDate "2021.06.05"]

1. e4 c5 2. Nf3 d6 3. d4 cxd4 4. Nxd4 Nf6 5. Nc3 Nc6 6. Be3 Ng4 7. Bb5 Nxe3 8.
fxe3 Bd7 9. O-O g6 10. Qf3 Ne5 11. Bxd7+ Qxd7 12. Qf4 Bg7 13. Nd5 O-O 14. Rad1
Rac8 15. c3 Nc4 16. b3 e5 17. Qh4 Nxe3 18. Nxe3 exd4 19. cxd4 Rfe8 20. Nd5 Qe6
21. Qf4 Qxe4 22. Qxf7+ Kh8 23. Nf6 Qe3+ 24. Kh1 Rf8 25. Qd7 Bxf6 26. Rxf6 Rxf6
27. Qxc8+ Kg7 28. Qxb7+ Rf7 29. Qd5 Qf2 30. h3 Qxa2 31. Qxd6 Qxb3 32. Qe5+ Kg8
33. Rc1 Qb7 34. Qe8+ Kg7 35. Qe5+ Kg8 36. Qe8+ Kg7 37. Rc8 Rf2 38. Qh8+ Kh6 39.
d5 Qxd5 0-1

[Event "Women's Speed Chess Q6"]
[Site "chess.com INT"]
[Date "2021.06.05"]
[Round "5"]
[White "Varney, Zoe"]
[Black "Obregon Garcia, Roxangel"]
[Result "0-1"]
[WhiteTitle "WCM"]
[BlackTitle "WIM"]
[WhiteElo "1917"]
[BlackElo "2167"]
[WhiteFideId "436135"]
[BlackFideId "3520420"]
[EventDate "2021.06.05"]

1. e4 c5 2. Nf3 Nc6 3. d4 cxd4 4. Nxd4 Nf6 5. Nc3 d6 6. Be3 Ng4 7. Bf4 Qb6 8.
Bb5 e5 9. Nd5 Qxd4 10. Qxd4 exd4 11. Nc7+ Kd8 12. Nxa8 Be6 13. Bxc6 bxc6 14. Bd2
Be7 15. Ba5+ Kd7 16. Nc7 Bd8 17. Nxe6 Bxa5+ 18. Ke2 Kxe6 19. Rad1 c5 20. f3 Ne5
21. f4 Nc4 22. b3 Ne3 23. Rc1 Bc3 24. g3 Re8 25. f5+ Kd7 26. Kf3 Kc6 27. a4 Rb8
28. g4 Re8 29. h4 d5 30. exd5+ Kxd5 31. g5 Nxf5 32. Rcd1 Re3+ 33. Kf4 Nd6 34.
Rh2 Ne4 35. Rg1 Nd2 36. h5 Nf3 37. Rg3 Nxh2 38. Rxe3 dxe3 39. Kxe3 Ke5 40. Kf2
Ng4+ 41. Kg3 f5 0-1

[Event "Women's Speed Chess Q6"]
[Site "chess.com INT"]
[Date "2021.06.05"]
[Round "5"]
[White "Nguyen, Thi Mai Hung"]
[Black "Steil-Antoni, Fiona"]
[Result "0-1"]
[WhiteTitle "WGM"]
[BlackTitle "WIM"]
[WhiteElo "2254"]
[BlackElo "2129"]
[WhiteFideId "12401676"]
[BlackFideId "4001249"]
[EventDate "2021.06.05"]

1. d4 d6 2. Nf3 Bg4 3. g3 Bxf3 4. exf3 g6 5. Bg2 Bg7 6. f4 c6 7. O-O e6 8. b4
Ne7 9. a4 O-O 10. b5 Qb6 11. c3 cxb5 12. axb5 Qxb5 13. Ba3 Rd8 14. Nd2 Nbc6 15.
Rb1 Qa6 16. Qb3 Rab8 17. Ne4 Nc8 18. Ra1 Na5 19. Qb4 b6 20. Rfb1 Qc4 21. Nd2 Qc7
22. Qb2 d5 23. Bb4 Nc4 24. Nxc4 Qxc4 25. Bf1 Qc7 26. Qa2 Bf8 27. Bxf8 Kxf8 28.
Qa3+ Kg7 29. Rc1 Qd6 30. Qb2 a5 31. Bb5 Na7 32. c4 Nxb5 33. Qxb5 dxc4 34. Rxc4
Rdc8 35. Rac1 Rxc4 36. Rxc4 Rb7 37. Kg2 Kf6 38. f3 Qd7 39. Qa6 Kg7 40. Kf2 Rc7 0-1